[Event "Challenge"]
[Site "http://www.queenalice.com/game.php?id=818209"]
[Date "2010.8.14"]
[Round "-"]
[White "zolaweed"]
[Black "QueenFrance"]
[Result "0-1"]
[WhiteElo "1815"]
[BlackElo "2063"]

1. c4 Nf6 2. Nc3 e5 3. e4 Nc6 4. Nf3 d6 5. Be2 h6 6. d3 Be7 7. O-O Be6 8. a3 Nb8
9. b4 c6 10. b5 c5 11. a4 a5 12. Bd2 b6 13. Re1 Nbd7 14. Qc1 Nf8 15. Bf1 g5 16.
Kh1 Ng6 17. g3 Qd7 18. Ng1 Nh7 19. Nd5 Bxd5 0-1

[Event "Challenge"]
[Site "http://www.queenalice.com/game.php?id=818648"]
[Date "2010.8.15"]
[Round "-"]
[White "QueenFrance"]
[Black "tewald"]
[Result "1/2-1/2"]
[WhiteElo "2062"]
[BlackElo "1912"]

1. d4 d5 2. e3 e6 3. Nf3 f6 4. c3 Bd7 5. Bd3 c5 6. b3 Nc6 7. Nbd2 cxd4 8. exd4
Bd6 9. Qc2 Nge7 10. Nf1 g6 11. Ne3 Rc8 12. a4 Nb4 13. Qd2 Nxd3+ 14. Qxd3 O-O 15.
Bd2 a6 16. O-O e5 17. dxe5 fxe5 18. Nxd5 Bf5 19. Nxe7+ Qxe7 20. Qe3 e4 21. Nd4
Qe5 22. f4 Qe7 23. b4 Bb8 24. Ne2 b5 25. Kh1 Rfd8 26. Nd4 Ba7 27. Rfd1 Qf7 28.
Be1 Rc7 29. axb5 axb5 30. Qe2 Bxd4 31. cxd4 Rc4 32. Qe3 Qb7 33. Ra2 Be6 34. Ra5
Bd5 35. Rda1 Rb8 36. Ra7 Qc8 37. h3 Rc7 38. Rxc7 Qxc7 39. Rc1 Qd7 40. Qg3 Rc8
41. Rxc8+ Qxc8 42. Qe3 Qc4 43. g4 Kf7 44. Kg2 Kf6 45. h4 h6 46. Kg1 h5 1/2-1/2

[Event "Challenge"]
[Site "http://www.queenalice.com/game.php?id=818649"]
[Date "2010.8.15"]
[Round "-"]
[White "tewald"]
[Black "QueenFrance"]
[Result "1-0"]
[WhiteElo "1876"]
[BlackElo "2090"]

1. e4 e5 2. Nf3 Nc6 3. g3 Nf6 4. d3 d6 5. Bg2 h6 6. O-O Be7 7. Nbd2 Be6 8. Re1
Qd7 9. Nf1 a6 10. c3 Na7 11. a4 b6 12. Kh1 Bg4 13. Ne3 c6 14. Qb3 Qc7 15. Nxg4
Nxg4 16. Be3 Nxe3 17. Rxe3 Nc8 18. Nd2 Bf6 19. h3 Ne7 20. Nc4 Rb8 21. Rf3 O-O
22. Ne3 Kh7 23. Ng4 Ng8 24. Nxf6+ Nxf6 25. Re1 Qd7 26. Qc2 a5 27. g4 g5 28. Rxf6
Kg7 29. Rf5 f6 30. b4 Qe8 31. Re3 Kf7 32. Qa2+ Qe6 33. Qxe6+ Kxe6 34. Bf3 axb4
35. cxb4 Ra8 36. Bd1 c5 37. bxc5 dxc5 38. Ref3 Ke7 39. Bb3 Ra5 40. Kg2 Raa8 41.
Kg3 Rad8 42. Bc4 Rd6 43. h4 Rh8 44. Kg2 Rdd8 45. Rxf6 Ra8 46. Rxb6 Rxa4 47. Rf7+
1-0

[Event "thekingAlice 1"]
[Site "http://www.queenalice.com/game.php?id=836038"]
[Date "2010.9.22"]
[Round "3"]
[White "QueenFrance"]
[Black "Tchecmaurice"]
[Result "1/2-1/2"]
[WhiteElo "2065"]
[BlackElo "1997"]

1. d4 Nf6 2. Nf3 e6 3. Bg5 d5 4. Nbd2 c5 5. c3 Nc6 6. e3 Bd6 7. Bh4 O-O 8. Bd3
cxd4 9. cxd4 e5 10. dxe5 Nxe5 11. Nxe5 Bxe5 12. Qc2 h6 13. f4 Bd6 14. Qc3 Be7
15. Be2 Ne4 16. Bxe7 Qxe7 17. Nxe4 dxe4 18. O-O f5 19. Bc4+ Be6 20. Qe5 Rae8 21.
Qxe6+ Qxe6 22. Bxe6+ Rxe6 23. Rfd1 1/2-1/2

[Event "Let's Play Chess!"]
[Site "http://www.queenalice.com/game.php?id=836217"]
[Date "2010.9.22"]
[Round "-"]
[White "QueenFrance"]
[Black "colatina"]
[Result "1-0"]
[WhiteElo "2056"]
[BlackElo "1962"]

1. d4 Nf6 2. Nf3 b6 3. e3 Ba6 4. c4 d5 5. b3 Nc6 6. Ba3 Bb7 7. Nbd2 e6 8. Bxf8
Kxf8 9. Bd3 dxc4 10. Bxc4 h6 11. O-O Na5 12. Be2 c5 13. dxc5 bxc5 14. Qc2 Rc8
15. Rfd1 Qc7 16. Rac1 Ng4 17. h3 Nf6 18. b4 Be4 19. Nxe4 Nxe4 20. Qxe4 Qc6 21.
Qxc6 Nxc6 22. Rxc5 Ke7 23. Rdc1 Rb8 24. Rxc6 Rxb4 25. Rc7+ Kf6 26. Rxa7 Rhb8 27.
Bd3 g5 28. Rc5 Kg7 29. Ne5 R8b7 30. Rxb7 Rxb7 31. a4 h5 32. a5 f6 33. Nf3 h4 34.
a6 Ra7 35. Rc6 Rd7 36. Bc4 e5 37. Kf1 Kg6 38. Ke2 g4 39. hxg4 e4 40. Ne5+ Kg5
41. Nxd7 Kxg4 42. Nxf6+ Kf5 43. a7 1-0

[Event "Let's Play Chess!"]
[Site "http://www.queenalice.com/game.php?id=841677"]
[Date "2010.10.4"]
[Round "-"]
[White "krambo1"]
[Black "QueenFrance"]
[Result "1/2-1/2"]
[WhiteElo "2005"]
[BlackElo "2100"]

1. d4 d5 2. Nf3 Nf6 3. Bg5 Nbd7 4. e3 c6 5. c4 e6 6. Nc3 Be7 7. cxd5 exd5 8. Bd3
h6 9. Bh4 Nb6 10. O-O Be6 11. h3 Nbd7 12. a3 a6 13. b4 O-O 14. Re1 b5 15. Bg3 a5
16. bxa5 Rxa5 17. a4 b4 18. Ne2 Qb6 19. Bc2 c5 20. dxc5 Bxc5 21. Ned4 Rd8 22.
Nb5 Ne8 23. Qd3 Ndf6 24. Nfd4 Be7 25. Nxe6 Qxe6 26. Nc7 Qc6 27. Nxe8 Rxe8 28.
Be5 g6 29. Bb3 Ne4 30. Bd4 Qd7 31. Bb6 Nc5 32. Qxd5 Qxd5 33. Bxd5 Ra6 34. a5 Rb8
35. Rab1 Nd7 36. Bc4 Raa8 37. Bd5 Ra6 38. Bc4 Raa8 39. Bd5 1/2-1/2

[Event "Let's Play Chess!"]
[Site "http://www.queenalice.com/game.php?id=841678"]
[Date "2010.10.4"]
[Round "-"]
[White "QueenFrance"]
[Black "krambo1"]
[Result "1-0"]
[WhiteElo "2096"]
[BlackElo "1989"]

1. d4 d5 2. Nf3 Bg4 3. Nbd2 Nf6 4. c3 e6 5. e3 Nbd7 6. Be2 Be7 7. Qc2 Bf5 8. Qd1
O-O 9. a3 c5 10. b3 cxd4 11. cxd4 Rc8 12. Bb2 a6 13. O-O Ne4 14. Nxe4 Bxe4 15.
Rc1 Bd6 16. Rxc8 Qxc8 17. Qd2 Nf6 18. Rc1 Qd8 19. h3 Bb8 20. Qb4 b5 21. Qd2 Qd6
22. Ne5 Nd7 23. Rc6 Qe7 24. Rxa6 Nxe5 25. dxe5 Qg5 26. f3 Bg6 27. Bxb5 Rc8 28.
Rc6 Rxc6 29. Bxc6 h5 30. Bd4 Qg3 31. Qf2 Qg5 32. f4 Qf5 33. Qb2 Qd3 34. a4 Be4
35. Bb5 Qd1+ 36. Kh2 h4 37. Qe2 Qxb3 38. Qb2 Qxb2 39. Bxb2 Bc2 40. a5 Bb3 41.
Bd4 Bc4 42. Bxc4 dxc4 43. Kg1 Kh7 44. a6 Kg6 45. Kf2 Kf5 46. Ke2 Ke4 47. a7 Bxa7
48. Bxa7 Kd5 49. Bd4 Kc6 50. Kd2 Kb5 51. Kc3 g6 52. e4 1-0

[Event "Challenge"]
[Site "http://www.queenalice.com/game.php?id=849003"]
[Date "2010.10.21"]
[Round "-"]
[White "QueenFrance"]
[Black "eddval"]
[Result "0-1"]
[WhiteElo "2106"]
[BlackElo "2126"]

1. d4 Nf6 2. Nf3 e6 3. e3 b6 4. Bd3 Bb7 5. Nbd2 d5 6. c3 Nbd7 7. O-O Bd6 8. Qc2
O-O 9. e4 dxe4 10. Nxe4 Nxe4 11. Bxe4 Bxe4 12. Qxe4 Nf6 13. Qc2 h6 14. Re1 c5
15. dxc5 Bxc5 16. Be3 Qc7 17. h3 Rfd8 18. Bxc5 Qxc5 19. Rad1 Qc7 20. Qe2 a5 21.
Rxd8+ Rxd8 22. c4 Qd6 23. Qc2 Qd3 24. Qxd3 Rxd3 25. Re5 Nd7 26. Re2 Kf8 27. Rd2
Nc5 28. Rxd3 Nxd3 29. b3 Nc1 30. Ne5 Ke7 31. c5 bxc5 32. Nc6+ Kd6 33. Nxa5 Nxa2
34. Nc4+ Kd5 35. Na5 Kd4 36. Kf1 Nc1 37. Ke1 Kc3 38. Nb7 Nxb3 39. Nxc5 Nxc5 40.
Ke2 e5 41. Ke3 f5 0-1

[Event "Let's Play Chess!"]
[Site "http://www.queenalice.com/game.php?id=850072"]
[Date "2010.10.24"]
[Round "-"]
[White "colatina"]
[Black "QueenFrance"]
[Result "0-1"]
[WhiteElo "1924"]
[BlackElo "2091"]

1. c4 Nf6 2. Nc3 e5 3. e4 Nc6 4. Nf3 d6 5. h3 Be7 6. d3 h6 7. Be3 Be6 8. Nd5 Nb8
9. Nxe7 Qxe7 10. Rc1 c5 11. Bd2 Nc6 12. Qa4 Bd7 13. Qd1 a5 14. g4 Nh7 15. Be3
Ng5 16. Nxg5 hxg5 17. f3 f6 18. a3 a4 19. Rc2 Na5 20. Rch2 b5 21. h4 gxh4 22.
Rxh4 Rxh4 23. Rxh4 Rc8 24. Qe2 bxc4 25. Qh2 Be6 26. Rh7 Kd7 27. Bd2 Nb3 28. dxc4
Nd4 29. Qg2 Rg8 30. Qh3 Qf8 31. Qg3 Rh8 32. Rxh8 Qxh8 33. f4 Qh1 34. Qg2 Qxg2
35. Bxg2 Bxc4 36. g5 exf4 37. g6 f3 38. Bf1 Bxf1 39. Kxf1 Ke7 40. Kf2 f5 41.
Bg5+ Ke6 42. Kg3 fxe4 43. Be3 Nf5+ 44. Kf2 Nxe3 45. Kxe3 Ke5 46. b3 axb3 0-1

[Event "Challenge"]
[Site "http://www.queenalice.com/game.php?id=850084"]
[Date "2010.10.24"]
[Round "-"]
[White "Tchecmaurice"]
[Black "QueenFrance"]
[Result "0-1"]
[WhiteElo "1984"]
[BlackElo "2079"]

1. e4 e5 2. Nf3 Nc6 3. Bb5 Nge7 4. c3 d6 5. d4 Bd7 6. Bg5 f6 7. Be3 Nc8 8. Nbd2
Be7 9. O-O Nb6 10. a4 a5 11. d5 Nb8 12. c4 Nc8 13. Bxd7+ Nxd7 14. Nh4 Bf8 15.
Nf5 Ne7 16. Nh4 g6 17. f4 Bg7 18. f5 g5 19. Qh5+ Kf8 20. Ng6+ hxg6 21. Qf3 gxf5
22. exf5 Qe8 23. Ne4 Qh5 24. Qxh5 Rxh5 25. Rf3 g4 26. Rg3 Nxf5 0-1

[Event "Let's Play Chess!"]
[Site "http://www.queenalice.com/game.php?id=864048"]
[Date "2010.11.26"]
[Round "-"]
[White "QueenFrance"]
[Black "fortunato"]
[Result "0-1"]
[WhiteElo "2071"]
[BlackElo "1904"]

1. Nf3 Nf6 2. d4 e6 3. Bg5 Be7 4. e3 O-O 5. Bd3 h6 6. Bxf6 Bxf6 7. c3 Nc6 8.
Nbd2 d5 9. Qc2 e5 10. dxe5 Nxe5 11. Nxe5 Bxe5 12. Nf3 Bf6 13. h3 c5 14. O-O-O c4
15. Be2 b5 16. Kd2 a5 17. Ke1 a4 18. a3 Bb7 19. Nd4 Qd7 20. Bg4 Qc7 21. Nxb5 Qe5
22. Nd4 Rfe8 23. Bf3 Bg5 24. h4 Bf6 25. Rd2 Rad8 26. Qxa4 Bc8 27. Nc6 Bd7 28.
Nxe5 Bxa4 29. Ng4 Be7 30. Rxd5 Rxd5 31. Bxd5 Bd6 32. Kd2 Re7 33. Bxc4 Rd7 34.
Kc1 Kf8 35. h5 f6 0-1

[Event "Let's Play Chess!"]
[Site "http://www.queenalice.com/game.php?id=864941"]
[Date "2010.11.28"]
[Round "-"]
[White "fortunato"]
[Black "QueenFrance"]
[Result "0-1"]
[WhiteElo "1912"]
[BlackElo "2120"]

1. e4 e5 2. Nf3 Nf6 3. d4 Nxe4 4. Bd3 d5 5. O-O exd4 6. Re1 Be7 7. Nxd4 Nf6 8.
Qe2 c5 9. Nb5 c4 10. Bxc4 dxc4 11. Qxc4 Nc6 12. N1c3 a6 13. Na3 O-O 14. Nab1 Bf5
15. Na3 Bxa3 16. bxa3 h6 17. Ne2 Re8 18. Bb2 Qe7 19. Rad1 Be6 20. Qf4 Bxa2 21.
h3 Rad8 22. Qc1 Rxd1 23. Qxd1 Nd5 24. g3 Bc4 25. Kf1 Qe6 26. g4 Qe4 0-1

[Event "Let's Play Chess!"]
[Site "http://www.queenalice.com/game.php?id=873219"]
[Date "2010.12.18"]
[Round "-"]
[White "QueenFrance"]
[Black "boparame"]
[Result "0-1"]
[WhiteElo "2111"]
[BlackElo "2279"]

1. d4 Nf6 2. Nf3 c5 3. e3 b6 4. c3 e6 5. Nbd2 Bb7 6. Bd3 d6 7. O-O Be7 8. Re1
O-O 9. b3 Nbd7 10. e4 Qc7 11. Bb2 e5 12. d5 g6 13. c4 Rfb8 14. Bc3 Nh5 15. Nf1
a6 16. Bd2 Bf6 17. h3 Nf4 18. Bxf4 exf4 19. Rb1 g5 20. Qc2 Ne5 21. Nxe5 Bxe5 22.
f3 Bc8 23. Qf2 Bd4 0-1

[Event "Let's Play Chess!"]
[Site "http://www.queenalice.com/game.php?id=873222"]
[Date "2010.12.18"]
[Round "-"]
[White "boparame"]
[Black "QueenFrance"]
[Result "1-0"]
[WhiteElo "2286"]
[BlackElo "2104"]

1. e4 e5 2. Nc3 Nc6 3. Nf3 Nf6 4. a3 d6 5. Be2 Be7 6. O-O h6 7. d4 exd4 8. Nxd4
Nxd4 9. Qxd4 c6 10. Bf4 Be6 11. Rad1 d5 12. e5 Nd7 13. b4 b6 14. Bg3 a6 15. Qd2
b5 16. Bd3 a5 17. Ne2 Qb6 18. Kh1 axb4 19. axb4 O-O 20. c3 Qc7 21. f4 Bg4 22. h3
Bxe2 23. Qxe2 Rfe8 24. f5 1-0

[Event "Let's Play Chess!"]
[Site "http://www.queenalice.com/game.php?id=873332"]
[Date "2010.12.18"]
[Round "-"]
[White "QueenFrance"]
[Black "AFA1961"]
[Result "0-1"]
[WhiteElo "2118"]
[BlackElo "2268"]

1. d4 d5 2. Nf3 Nf6 3. e3 e6 4. c3 Bd6 5. Bd3 Nc6 6. Nbd2 e5 7. dxe5 Nxe5 8.
Nxe5 Bxe5 9. Nf3 Bd6 10. h3 O-O 11. Qc2 Ne4 12. Bxe4 dxe4 13. Qxe4 Re8 14. Qd3
Qf6 15. Qd1 Qg6 16. Nh4 Qg5 17. Qa4 b5 0-1

[Event "Let's Play Chess!"]
[Site "http://www.queenalice.com/game.php?id=873333"]
[Date "2010.12.18"]
[Round "-"]
[White "AFA1961"]
[Black "QueenFrance"]
[Result "1-0"]
[WhiteElo "2260"]
[BlackElo "2126"]

1. e4 e5 2. Nc3 Nc6 3. Nf3 Nf6 4. Bc4 h6 5. d4 d6 6. dxe5 dxe5 7. Qxd8+ Nxd8 8.
Nxe5 Be6 9. Be2 c6 10. Be3 Nd7 11. Nxd7 Bxd7 12. O-O-O Ne6 13. e5 Be7 14. Ne4
O-O 15. Rxd7 Rfe8 16. Rxb7 a5 17. Rd1 1-0